1626 1538 1073 1006 1552 1376 1263 1720 1527 1453 1587 1234 1472 1120 1195 1168 1688 1054 1794 1868 1679 1196 1212 1826 1236 1277 1351 1500 1342 1072 1879 1360 1948 1328 1475 1087 1441 1096 1199 1392 1200 1259 1181 1375 1379 1062 1688 1824 1837 1377 1348 1465 1749 1441 1484 1384 1502 1236 1402 1208 1057 1039 1693 1381 1014 1840 1223 1150 1866 1920 1424 1033 1948 1611 1881 1131 1089 1684 1034 1310 1823 1411 1454 1017 1154 1670 1242 1505 1973 1539 1936 1791 1842 1806 1539 1926 1266 1408 1900 BCNSPRNW ULIB Ver.6.0+V

เปลี่ยนเป็นภาษาไทย

Change to English
 แสดงรายละเอียดบรรณานุกรม
  กลับหน้าหลัก

Brief Record : Get Marc (ISO 2709) : E-mail record : QR code < ปิดหน้าต่าง
LEADER : 00000nam 2200000uu 4500
001    13399108930
003     ULIB
008    110316s2544||||th 000 0 tha d
060  4 WA19^bพ366ค 2544
110 1  กระทรวงสาธารณสุข^bสำนักงานปลัดกระทรวง^bสถาบันพระบรมราชชนก
245 10 คู่มือปฏิบัติการจัดการศึกษาสำหรับวิทยาลัยในสังกัดสถาบันพระบรมราชชนก/^cสถาบันพระบรมราชชนก
260    นนทบุรี:^bสถาบันพระบรมราชชนก,^c2544
300    128 หน้า
650  7 สถาบันพระบรมราชชนก
945    ^p0^l0^i016587
945    ^p0^l0^i016588
995    ทศพร
999 ^a ใช้งานได้ทุกระบบ
รายการนี้ยังไม่มีแท็ก
คุณยังไม่ได้ล็อกอิน คุณสามารถมีกิจกรรมร่วมกับเว็บไซต์ได้ แต่ต้องล็อกอินก่อน ::
  ล็อกอิน

รายการสื่อสารสนเทศ

ลำดับที่ ประเภท เลขเรียก/บาร์โค้ด สถานที่ สถานะ
- ไม่พบข้อมูล -

รายการใกล้เคียง
    หัวเรื่อง [สถาบันพระบรมราชชนก]

BibComment


ยังไม่เคยถูกคอมเมนท์

คอมเมนท์ทรัพยากรรายการนี้
  คอมเมนท์: คู่มือปฏิบัติการจ..


 Copyright 2026. Bcnsprnw @Library